[Event "Stay Safe Play From Home 268"]
[Site "Emanuel Lasker Arena"]
[Date "2020.07.01"]
[Round "2"]
[White "Justwatch"]
[Black "Physikus"]
[Result "1-0"]
[WhiteElo "1651"]
[BlackElo "2103"]
[PlyCount "163"]
[EventDate "2020.07.01"]
[EventType "swiss (blitz)"]

1. e4 {[%emt 0:00:01]} e5 {[%emt 0:00:00]} 2. Bc4 {[%emt 0:00:01]} Nc6 {[%emt 0:00:00]} 3. Qh5 {[%emt 0:00:01]} g6 {[%emt 0:00:03]} 4. Qf3 {[%emt 0:00:01]} Qf6 {[%emt 0:00:01]} 5. Nc3 {[%emt 0:00:02]} Nd4 {[%emt 0:00:01]} 6. Qxf6 {[%emt 0:00:01]} Nxf6 {[%emt 0:00:00]} 7. Bb3 {[%emt 0:00:00]} c6 {[%emt 0:00:02]} 8. d3 {[%emt 0:00:00]} d6 {[%emt 0:00:01]} 9. Nge2 {[%emt 0:00:01]} Be6 {[%emt 0:00:02]} 10. Nxd4 {[%emt 0:00:00]} exd4 {[%emt 0:00:01]} 11. Ne2 {[%emt 0:00:00]} c5 {[%emt 0:00:01]} 12. Bxe6 {[%emt 0:00:02]} fxe6 {[%emt 0:00:01]} 13. O-O {[%emt 0:00:01]} d5 {[%emt 0:00:02]} 14. Bg5 {[%emt 0:00:00]} Bg7 {[%emt 0:00:02]} 15. exd5 {[%emt 0:00:02]} Nxd5 {[%emt 0:00:01]} 16. Ng3 {[%emt 0:00:01]} O-O {[%emt 0:00:01]} 17. Rfe1 {[%emt 0:00:01]} Rae8 {[%emt 0:00:02]} 18. Ne4 {[%emt 0:00:01]} b6 {[%emt 0:00:02]} 19. Nd6 {[%emt 0:00:01]} Nb4 {[%emt 0:00:10]} 20. Nxe8 {[%emt 0:00:02]} Rxe8 {[%emt 0:00:00]} 21. Re2 {[%emt 0:00:02]} h6 {[%emt 0:00:00]} 22. Bh4 {[%emt 0:00:02]} Nd5 {[%emt 0:00:01]} 23. a3 {[%emt 0:00:01]} Kf7 {[%emt 0:00:01]} 24. Rae1 {[%emt 0:00:01]} Nf4 {[%emt 0:00:02]} 25. Re4 {[%emt 0:00:02]} Nd5 {[%emt 0:00:02]} 26. Bg3 {[%emt 0:00:01]} Nf6 {[%emt 0:00:01]} 27. R4e2 {[%emt 0:00:02]} g5 {[%emt 0:00:02]} 28. Be5 {[%emt 0:00:01]} h5 {[%emt 0:00:05]} 29. Bxf6 {[%emt 0:00:01]} Bxf6 {[%emt 0:00:01]} 30. h3 {[%emt 0:00:00]} e5 {[%emt 0:00:00]} 31. Re4 {[%emt 0:00:01]} Kg6 {[%emt 0:00:01]} 32. Kh2 {[%emt 0:00:01]} Kf5 {[%emt 0:00:00]} 33. f3 {[%emt 0:00:01]} h4 {[%emt 0:00:01]} 34. Rg4 {[%emt 0:00:01]} Rc8 {[%emt 0:00:02]} 35. Rge4 {[%emt 0:00:01]} c4 {[%emt 0:00:01]} 36. R1e2 {[%emt 0:00:01]} cxd3 {[%emt 0:00:00]} 37. cxd3 {[%emt 0:00:00]} Rc1 {[%emt 0:00:00]} 38. Re1 {[%emt 0:00:01]} Rc2 {[%emt 0:00:01]} 39. R4e2 {[%emt 0:00:01]} Rc6 {[%emt 0:00:00]} 40. Rb1 {[%emt 0:00:01]} Be7 {[%emt 0:00:00]} 41. b4 {[%emt 0:00:01]} Bd6 {[%emt 0:00:00]} 42. Rbb2 {[%emt 0:00:00]} Rc7 {[%emt 0:00:00]} 43. Rbc2 {[%emt 0:00:00]} Rf7 {[%emt 0:00:00]} 44. Rc6 {[%emt 0:00:01]} Rf6 {[%emt 0:00:01]} 45. Rec2 {[%emt 0:00:00]} e4+ {[%emt 0:00:00]} 46. Kg1 {[%emt 0:00:03]} exd3 {[%emt 0:00:00]} 47. Rd2 {[%emt 0:00:01]} Kf4 {[%emt 0:00:00]} 48. Rxd6 {[%emt 0:00:00]} Rxd6 {[%emt 0:00:01]} 49. Rxd3 {[%emt 0:00:00]} Ke5 {[%emt 0:00:00]} 50. Rd1 {[%emt 0:00:00]} Kd5 {[%emt 0:00:00]} 51. Re1 {[%emt 0:00:00]} Rc6 {[%emt 0:00:00]} 52. Rd1 {[%emt 0:00:00]} Kc4 {[%emt 0:00:00]} 53. Kf2 {[%emt 0:00:00]} d3 {[%emt 0:00:01]} 54. Ke3 {[%emt 0:00:00]} Re6+ {[%emt 0:00:01]} 55. Kd2 {[%emt 0:00:00]} Rd6 {[%emt 0:00:00]} 56. Rc1+ {[%emt 0:00:00]} Kd4 {[%emt 0:00:01]} 57. Rc3 {[%emt 0:00:00]} Re6 {[%emt 0:00:00]} 58. Rxd3+ {[%emt 0:00:00]} Kc4 {[%emt 0:00:00]} 59. Re3 {[%emt 0:00:00]} Kb5 {[%emt 0:00:00]} 60. Rxe6 {[%emt 0:00:01]} Ka4 {[%emt 0:00:00]} 61. Re5 {[%emt 0:00:00]} a5 {[%emt 0:00:00]} 62. Rxg5 {[%emt 0:00:00]} b5 {[%emt 0:00:00]} 63. Rg4 {[%emt 0:00:00]} axb4 {[%emt 0:00:00]} 64. Rxh4 {[%emt 0:00:00]} Ka5 {[%emt 0:00:00]} 65. Rxb4 {[%emt 0:00:01]} Ka6 {[%emt 0:00:00]} 66. Re4 {[%emt 0:00:00]} Kb6 {[%emt 0:00:00]} 67. a4 {[%emt 0:00:00]} Ka5 {[%emt 0:00:00]} 68. axb5 {[%emt 0:00:00]} Kxb5 {[%emt 0:00:00]} 69. Rd4 {[%emt 0:00:00]} Kb6 {[%emt 0:00:00]} 70. Rd3 {[%emt 0:00:00]} Kb7 {[%emt 0:00:00]} 71. Re3 {[%emt 0:00:00]} Kc6 {[%emt 0:00:00]} 72. Re4 {[%emt 0:00:00]} Kc5 {[%emt 0:00:00]} 73. h4 {[%emt 0:00:00]} Kc6 {[%emt 0:00:00]} 74. h5 {[%emt 0:00:00]} Kb7 {[%emt 0:00:00]} 75. h6 {[%emt 0:00:00]} Kc6 {[%emt 0:00:00]} 76. h7 {[%emt 0:00:00]} Kb7 {[%emt 0:00:00]} 77. h8=Q {[%emt 0:00:00]} Kc6 {[%emt 0:00:00]} 78. Qh5 {[%emt 0:00:00]} Kb7 {[%emt 0:00:00]} 79. Rg4 {[%emt 0:00:00]} Kc8 {[%emt 0:00:00]} 80. Rg6 {[%emt 0:00:00]} Kd7 {[%emt 0:00:00]} 81. Qh7+ {[%emt 0:00:00]} Ke8 {[%emt 0:00:00]} 82. Rg8# {[%emt 0:00:00] (Lag: Av=0.52s, max=1.0s)} 1-0

[Event "Stay Safe Play From Home 268"]
[Site "Emanuel Lasker Arena"]
[Date "2020.07.01"]
[Round "3"]
[White "Lazieri3"]
[Black "Broken sword"]
[Result "0-1"]
[WhiteElo "2107"]
[BlackElo "2478"]
[PlyCount "28"]
[EventDate "2020.07.01"]
[EventType "swiss (blitz)"]

1. e4 {[%emt 0:00:02]} c5 {[%emt 0:00:00]} 2. Nc3 {[%emt 0:00:00]} e6 {[%emt 0:00:00]} 3. d3 {[%emt 0:00:00]} a6 {[%emt 0:00:00]} 4. Nf3 {[%emt 0:00:00]} d5 {[%emt 0:00:00]} 5. Bg5 {[%emt 0:00:00]} f6 {[%emt 0:00:00]} 6. Bh4 {[%emt 0:00:01]} d4 {[%emt 0:00:00]} 7. Nb1 {[%emt 0:00:02]} Nc6 {[%emt 0:00:00]} 8. e5 {[%emt 0:00:03]} g5 {[%emt 0:00:01]} 9. Bg3 {[%emt 0:00:01]} f5 {[%emt 0:00:01]} 10. h3 {[%emt 0:00:01]} h5 {[%emt 0:00:01]} 11. Qd2 {[%emt 0:00:02]} Bh6 {[%emt 0:00:02]} 12. Nh2 {[%emt 0:00:01]} h4 {[%emt 0:00:02]} 13. f4 {[%emt 0:00:02]} hxg3 {[%emt 0:00:01]} 14. fxg5 {[%emt 0:00:01]} Bxg5 {[%emt 0:00:01] Lazieri3 resigns (Lag: Av=0.33s, max=0.4s)} 0-1

[Event "Stay Safe Play From Home 268"]
[Site "Emanuel Lasker Arena"]
[Date "2020.07.01"]
[Round "3"]
[White "Physikus"]
[Black "Fischer_11"]
[Result "0-1"]
[WhiteElo "2072"]
[BlackElo "2018"]
[Annotator "NA"]
[PlyCount "66"]
[EventDate "2020.07.01"]
[EventType "swiss (blitz)"]

1. e4 {[%emt 0:00:01]} Nf6 {[%emt 0:00:02]} 2. e5 {[%emt 0:00:01]} Nd5 {[%emt 0:00:00]} 3. c4 {[%emt 0:00:00]} Nb6 {[%emt 0:00:01]} 4. d4 {[%emt 0:00:00]} d6 {[%emt 0:00:01]} 5. exd6 {[%emt 0:00:00]} cxd6 {[%emt 0:00:00]} 6. Nc3 {[%emt 0:00:00]} g6 {[%emt 0:00:00]} 7. Be3 {[%emt 0:00:00]} Bg7 {[%emt 0:00:00]} 8. Rc1 {[%emt 0:00:00]} O-O {[%emt 0:00:01]} 9. b3 {[%emt 0:00:00]} Nc6 {[%emt 0:00:01]} 10. Nf3 {[%emt 0:00:00]} Bg4 {[%emt 0:00:01]} 11. Be2 {[%emt 0:00:01]} d5 {[%emt 0:00:01]} 12. c5 {[%emt 0:00:01]} Nc8 {[%emt 0:00:00]} 13. h3 {[%emt 0:00:00]} Bxf3 {[%emt 0:00:01]} 14. Bxf3 {[%emt 0:00:01]} e6 {[%emt 0:00:00]} 15. O-O {[%emt 0:00:01]} N8e7 {[%emt 0:00:00]} 16. Qd2 {[%emt 0:00:00]} Nf5 {[%emt 0:00:01]} 17. Rfd1 {[%emt 0:00:01]} e5 {[%emt 0:00:05]} 18. dxe5 {[%emt 0:00:01]} d4 {[%emt 0:00:01]} 19. Bxc6 {[%emt 0:00:01]} dxe3 {[%emt 0:00:02]} 20. Qxd8 {[%emt 0:00:01]} Rc8 {[%emt 0:00:01]} 21. Qxc8 {[%emt 0:00:06]} exf2+ {[%emt 0:00:01]} 22. Kxf2 {[%emt 0:00:01]} Rxc8 {[%emt 0:00:01]} 23. Bxb7 {[%emt 0:00:00]} Rxc5 {[%emt 0:00:02]} 24. Rd8+ {[%emt 0:00:01]} Bf8 {[%emt 0:00:01]} 25. Ne2 {[%emt 0:00:01]} Rxe5 {[%emt 0:00:02]} 26. Rcc8 {[%emt 0:00:01]} Kg7 {[%emt 0:00:03]} 27. Rxf8 {[%emt 0:00:01]} Nd6 {[%emt 0:00:00]} 28. Rg8+ {[%emt 0:00:01]} Kf6 {[%emt 0:00:01]} 29. Rc6 {[%emt 0:00:00]} Ke7 {[%emt 0:00:01]} 30. Rd8 {[%emt 0:00:00]} Kxd8 {[%emt 0:00:01]} 31. Rxd6+ {[%emt 0:00:00]} Kc7 {[%emt 0:00:01]} 32. Rd5 {[%emt 0:00:00]} Re6 {[%emt 0:00:04]} 33. Ba6 {[%emt 0:00:02]} Rxa6 {[%emt 0:00:02] Physikus gibt auf (Lag: Av=0.25s, max=0.3s)} 0-1

[Event "Stay Safe Play From Home 268"]
[Site "Emanuel Lasker Arena"]
[Date "2020.07.01"]
[Round "3"]
[White "Justwatch"]
[Black "Mepe_Nika"]
[Result "0-1"]
[WhiteElo "1682"]
[BlackElo "2398"]
[PlyCount "48"]
[EventDate "2020.07.01"]
[EventType "swiss (blitz)"]

1. e4 {[%emt 0:00:01]} e5 {[%emt 0:00:01]} 2. Bc4 {[%emt 0:00:01]} Nf6 {[%emt 0:00:02]} 3. Nc3 {[%emt 0:00:01]} c6 {[%emt 0:00:02]} 4. d3 {[%emt 0:00:01]} d5 {[%emt 0:00:01]} 5. exd5 {[%emt 0:00:02]} cxd5 {[%emt 0:00:00]} 6. Bb5+ {[%emt 0:00:01]} Nc6 {[%emt 0:00:00]} 7. Bg5 {[%emt 0:00:01]} Be7 {[%emt 0:00:01]} 8. Bxf6 {[%emt 0:00:00]} Bxf6 {[%emt 0:00:01]} 9. Nf3 {[%emt 0:00:00]} O-O {[%emt 0:00:01]} 10. Bxc6 {[%emt 0:00:00]} bxc6 {[%emt 0:00:01]} 11. O-O {[%emt 0:00:00]} Rb8 {[%emt 0:00:01]} 12. b3 {[%emt 0:00:01]} Bg4 {[%emt 0:00:00]} 13. Na4 {[%emt 0:00:01]} Qa5 {[%emt 0:00:07]} 14. h3 {[%emt 0:00:01]} Bh5 {[%emt 0:00:01]} 15. g4 {[%emt 0:00:02]} Bg6 {[%emt 0:00:01]} 16. Nd2 {[%emt 0:00:01]} e4 {[%emt 0:00:02]} 17. dxe4 {[%emt 0:00:02]} Bxa1 {[%emt 0:00:01]} 18. Qxa1 {[%emt 0:00:01]} Qxd2 {[%emt 0:00:01]} 19. exd5 {[%emt 0:00:03]} Qxd5 {[%emt 0:00:03]} 20. c4 {[%emt 0:00:01]} Qg5 {[%emt 0:00:01]} 21. f4 {[%emt 0:00:02]} Qh4 {[%emt 0:00:01]} 22. Kg2 {[%emt 0:00:01]} Be4+ {[%emt 0:00:01]} 23. Kh2 {[%emt 0:00:02]} Rbd8 {[%emt 0:00:00]} 24. Rf2 {[%emt 0:00:01]} Qxf2# {[%emt 0:00:02] (Lag: Av=0.45s, max=0.8s)} 0-1

[Event "Stay Safe Play From Home 268"]
[Site "Emanuel Lasker Arena"]
[Date "2020.07.01"]
[Round "3"]
[White "Trotsky"]
[Black "The Next Contender"]
[Result "0-1"]
[WhiteElo "1569"]
[BlackElo "1978"]
[PlyCount "72"]
[EventDate "2020.07.01"]
[EventType "swiss (blitz)"]

1. d4 {[%emt 0:00:01]} d5 {[%emt 0:00:01]} 2. e3 {[%emt 0:00:00]} c5 {[%emt 0:00:01]} 3. c4 {[%emt 0:00:01]} e6 {[%emt 0:00:00]} 4. Nc3 {[%emt 0:00:01]} Nf6 {[%emt 0:00:01]} 5. Nf3 {[%emt 0:00:02]} cxd4 {[%emt 0:00:01]} 6. exd4 {[%emt 0:00:01]} dxc4 {[%emt 0:00:00]} 7. Bxc4 {[%emt 0:00:01]} Bb4 {[%emt 0:00:00]} 8. Be3 {[%emt 0:00:01]} O-O {[%emt 0:00:01]} 9. Qc2 {[%emt 0:00:01]} a6 {[%emt 0:00:03]} 10. O-O-O {[%emt 0:00:01]} Nc6 {[%emt 0:00:01]} 11. Bd3 {[%emt 0:00:01]} h6 {[%emt 0:00:01]} 12. h4 {[%emt 0:00:01]} Nd5 {[%emt 0:00:01]} 13. Ng5 {[%emt 0:00:01]} Nxc3 {[%emt 0:00:03]} 14. Bh7+ {[%emt 0:00:03]} Kh8 {[%emt 0:00:03]} 15. bxc3 {[%emt 0:00:01]} Ba3+ {[%emt 0:00:01]} 16. Kd2 {[%emt 0:00:02]} e5 {[%emt 0:00:02]} 17. Bg8 {[%emt 0:00:01]} f5 {[%emt 0:00:01]} 18. Ke1 {[%emt 0:00:06]} Kxg8 {[%emt 0:00:01]} 19. g4 {[%emt 0:00:02]} exd4 {[%emt 0:00:01]} 20. gxf5 {[%emt 0:00:02]} Qe7 {[%emt 0:00:03]} 21. f6 {[%emt 0:00:04]} d3 {[%emt 0:00:01]} 22. Qb3+ {[%emt 0:00:02]} Be6 {[%emt 0:00:04]} 23. c4 {[%emt 0:00:03]} Qd7 {[%emt 0:00:04]} 24. Rxd3 {[%emt 0:00:04]} Qe8 {[%emt 0:00:05]} 25. Qc2 {[%emt 0:00:01]} Rxf6 {[%emt 0:00:04]} 26. Rd8 {[%emt 0:00:02]} Rxd8 {[%emt 0:00:03]} 27. Qh7+ {[%emt 0:00:01]} Kf8 {[%emt 0:00:00]} 28. Qh8+ {[%emt 0:00:01]} Ke7 {[%emt 0:00:00]} 29. Qxg7+ {[%emt 0:00:01]} Rf7 {[%emt 0:00:01]} 30. Qg6 {[%emt 0:00:03]} Qg8 {[%emt 0:00:02]} 31. Qxe6+ {[%emt 0:00:01]} Kf8 {[%emt 0:00:01]} 32. Qf5 {[%emt 0:00:02]} Bb4+ {[%emt 0:00:00]} 33. Kf1 {[%emt 0:00:03]} Rxf5 {[%emt 0:00:00]} 34. Kg2 {[%emt 0:00:02]} Rd2 {[%emt 0:00:01]} 35. Rf1 {[%emt 0:00:01]} Rf3 {[%emt 0:00:00]} 36. Kg1 {[%emt 0:00:01]} Qxg5+ {[%emt 0:00:01] Âðåìÿ (Lag: Av=0.46s, max=0.5s)} 0-1

[Event "Stay Safe Play From Home 268"]
[Site "Emanuel Lasker Arena"]
[Date "2020.07.01"]
[Round "3"]
[White "Klasman"]
[Black "Patzeroglu"]
[Result "0-1"]
[WhiteElo "1348"]
[BlackElo "1884"]
[Annotator "NA"]
[PlyCount "28"]
[EventDate "2020.07.01"]
[EventType "swiss (blitz)"]

1. f4 {[%emt 0:00:01]} e5 {[%emt 0:00:04]} 2. fxe5 {[%emt 0:00:02]} d6 {[%emt 0:00:07]} 3. Nf3 {[%emt 0:00:01]} g5 {[%emt 0:00:04]} 4. h3 {[%emt 0:00:02]} Nc6 {[%emt 0:00:04]} 5. d4 {[%emt 0:00:03]} dxe5 {[%emt 0:00:06]} 6. d5 {[%emt 0:00:13]} e4 {[%emt 0:00:05]} 7. Bxg5 {[%emt 0:00:07]} f6 {[%emt 0:00:03]} 8. Bh4 {[%emt 0:00:19]} Ne5 {[%emt 0:00:03]} 9. Nxe5 {[%emt 0:00:02]} Bb4+ {[%emt 0:00:01]} 10. c3 {[%emt 0:00:01]} Ne7 {[%emt 0:00:04]} 11. e3 {[%emt 0:00:02]} fxe5 {[%emt 0:00:01]} 12. Qh5+ {[%emt 0:00:01]} Kd7 {[%emt 0:00:02]} 13. Bb5+ {[%emt 0:00:02]} c6 {[%emt 0:00:01]} 14. Qg4+ {[%emt 0:00:01]} Kc7 {[%emt 0:00:02] Time (Lag: Av=1.40s, max=2.6s)} 0-1

[Event "Stay Safe Play From Home 268"]
[Site "Emanuel Lasker Arena"]
[Date "2020.07.01"]
[Round "4"]
[White "Broken sword"]
[Black "Mepe_Nika"]
[Result "1/2-1/2"]
[WhiteElo "2481"]
[BlackElo "2398"]
[PlyCount "155"]
[EventDate "2020.07.01"]
[EventType "swiss (blitz)"]

1. d4 {[%emt 0:00:01]} d5 {[%emt 0:00:00]} 2. Nf3 {[%emt 0:00:00]} Nf6 {[%emt 0:00:01]} 3. c3 {[%emt 0:00:00]} Bf5 {[%emt 0:00:02]} 4. Bf4 {[%emt 0:00:00]} e6 {[%emt 0:00:01]} 5. Qb3 {[%emt 0:00:00]} Qc8 {[%emt 0:00:01]} 6. Nbd2 {[%emt 0:00:01]} Nbd7 {[%emt 0:00:00]} 7. h3 {[%emt 0:00:01]} Be7 {[%emt 0:00:00]} 8. e3 {[%emt 0:00:01]} h6 {[%emt 0:00:00]} 9. Be2 {[%emt 0:00:00]} O-O {[%emt 0:00:00]} 10. O-O {[%emt 0:00:00]} c5 {[%emt 0:00:00]} 11. Rfe1 {[%emt 0:00:01]} c4 {[%emt 0:00:01]} 12. Qd1 {[%emt 0:00:00]} b5 {[%emt 0:00:00]} 13. Ne5 {[%emt 0:00:00]} Nxe5 {[%emt 0:00:01]} 14. Bxe5 {[%emt 0:00:00]} Nd7 {[%emt 0:00:02]} 15. Bg3 {[%emt 0:00:01]} a5 {[%emt 0:00:01]} 16. Bf3 {[%emt 0:00:01]} b4 {[%emt 0:00:01]} 17. e4 {[%emt 0:00:01]} dxe4 {[%emt 0:00:02]} 18. Nxe4 {[%emt 0:00:01]} Ra6 {[%emt 0:00:01]} 19. Rc1 {[%emt 0:00:02]} Nf6 {[%emt 0:00:02]} 20. Nd2 {[%emt 0:00:01]} Bd3 {[%emt 0:00:02]} 21. Bh4 {[%emt 0:00:03]} Nd5 {[%emt 0:00:04]} 22. Bxd5 {[%emt 0:00:05]} Bxh4 {[%emt 0:00:01]} 23. Be4 {[%emt 0:00:01]} Bxe4 {[%emt 0:00:02]} 24. Nxe4 {[%emt 0:00:01]} Be7 {[%emt 0:00:01]} 25. Nd2 {[%emt 0:00:01]} Rc6 {[%emt 0:00:01]} 26. Qe2 {[%emt 0:00:01]} Qd7 {[%emt 0:00:03]} 27. Rcd1 {[%emt 0:00:01]} Qd5 {[%emt 0:00:03]} 28. Nf1 {[%emt 0:00:04]} Rfc8 {[%emt 0:00:01]} 29. Ne3 {[%emt 0:00:01]} Qb5 {[%emt 0:00:00]} 30. d5 {[%emt 0:00:01]} exd5 {[%emt 0:00:01]} 31. Rxd5 {[%emt 0:00:00]} Qb8 {[%emt 0:00:02]} 32. Nf5 {[%emt 0:00:03]} Bf8 {[%emt 0:00:01]} 33. Red1 {[%emt 0:00:01]} a4 {[%emt 0:00:01]} 34. cxb4 {[%emt 0:00:01]} Qxb4 {[%emt 0:00:00]} 35. Qc2 {[%emt 0:00:01]} c3 {[%emt 0:00:01]} 36. b3 {[%emt 0:00:00]} axb3 {[%emt 0:00:01]} 37. axb3 {[%emt 0:00:00]} Rg6 {[%emt 0:00:01]} 38. Ne3 {[%emt 0:00:01]} Qf4 {[%emt 0:00:02]} 39. R5d4 {[%emt 0:00:01]} Qg5 {[%emt 0:00:01]} 40. Rg4 {[%emt 0:00:04]} Qf6 {[%emt 0:00:00] Mepe_Nika offers a draw} 41. Rxg6 {[%emt 0:00:00]} Qxg6 {[%emt 0:00:00]} 42. Qxg6 {[%emt 0:00:01]} fxg6 {[%emt 0:00:00]} 43. Rc1 {[%emt 0:00:01]} Kh7 {[%emt 0:00:01]} 44. Rc2 {[%emt 0:00:01]} Ba3 {[%emt 0:00:01]} 45. Nd5 {[%emt 0:00:01]} Bb2 {[%emt 0:00:01]} 46. b4 {[%emt 0:00:01]} Rd8 {[%emt 0:00:01]} 47. Ne3 {[%emt 0:00:01]} Rb8 {[%emt 0:00:01]} 48. Nd5 {[%emt 0:00:01]} Rb5 {[%emt 0:00:01]} 49. Nxc3 {[%emt 0:00:01]} Bxc3 {[%emt 0:00:00]} 50. Rxc3 {[%emt 0:00:00]} Rxb4 {[%emt 0:00:00]} 51. Rg3 {[%emt 0:00:00]} Rb1+ {[%emt 0:00:00]} 52. Kh2 {[%emt 0:00:00]} Rb6 {[%emt 0:00:00]} 53. Rf3 {[%emt 0:00:00]} Rf6 {[%emt 0:00:00]} 54. Rxf6 {[%emt 0:00:01]} gxf6 {[%emt 0:00:00]} 55. Kg3 {[%emt 0:00:00]} g5 {[%emt 0:00:00]} 56. Kg4 {[%emt 0:00:00]} Kg6 {[%emt 0:00:00]} 57. Kf3 {[%emt 0:00:00]} h5 {[%emt 0:00:00]} 58. g3 {[%emt 0:00:00]} f5 {[%emt 0:00:00]} 59. Kg2 {[%emt 0:00:00]} g4 {[%emt 0:00:00]} 60. f3 {[%emt 0:00:02]} Kf6 {[%emt 0:00:02]} 61. Kf2 {[%emt 0:00:00]} Ke5 {[%emt 0:00:01]} 62. hxg4 {[%emt 0:00:00]} fxg4 {[%emt 0:00:00]} 63. Ke3 {[%emt 0:00:00]} Kf5 {[%emt 0:00:01]} 64. f4 {[%emt 0:00:00]} Kg6 {[%emt 0:00:01]} 65. Ke4 {[%emt 0:00:00]} Kf6 {[%emt 0:00:00]} 66. f5 {[%emt 0:00:00]} Kg5 {[%emt 0:00:01]} 67. Ke5 {[%emt 0:00:01]} h4 {[%emt 0:00:00]} 68. gxh4+ {[%emt 0:00:00]} Kxh4 {[%emt 0:00:00]} 69. f6 {[%emt 0:00:00]} g3 {[%emt 0:00:00]} 70. f7 {[%emt 0:00:00]} g2 {[%emt 0:00:00]} 71. f8=Q {[%emt 0:00:00]} g1=Q {[%emt 0:00:00]} 72. Qf4+ {[%emt 0:00:00]} Kh3 {[%emt 0:00:01]} 73. Qf5+ {[%emt 0:00:00]} Kg2 {[%emt 0:00:00]} 74. Qf4 {[%emt 0:00:00]} Kh1 {[%emt 0:00:00]} 75. Qf5 {[%emt 0:00:00]} Qh2+ {[%emt 0:00:00]} 76. Qf4 {[%emt 0:00:00]} Qg2 {[%emt 0:00:00]} 77. Qe4 {[%emt 0:00:00]} Qxe4+ {[%emt 0:00:01]} 78. Kxe4 {[%emt 0:00:00] (Lag: Av=0.34s, max=1.1s)} 1/2-1/2

[Event "Stay Safe Play From Home 268"]
[Site "Emanuel Lasker Arena"]
[Date "2020.07.01"]
[Round "4"]
[White "Lazieri3"]
[Black "Trotsky"]
[Result "1-0"]
[WhiteElo "2103"]
[BlackElo "1566"]
[PlyCount "53"]
[EventDate "2020.07.01"]
[EventType "swiss (blitz)"]

1. e4 {[%emt 0:00:06]} c5 {[%emt 0:00:02]} 2. Nc3 {[%emt 0:00:00]} e6 {[%emt 0:00:00]} 3. d3 {[%emt 0:00:01]} d5 {[%emt 0:00:01]} 4. exd5 {[%emt 0:00:01]} exd5 {[%emt 0:00:01]} 5. d4 {[%emt 0:00:00]} Be6 {[%emt 0:00:01]} 6. Be3 {[%emt 0:00:01]} c4 {[%emt 0:00:01]} 7. Nf3 {[%emt 0:00:01]} Nc6 {[%emt 0:00:01]} 8. Be2 {[%emt 0:00:01]} a6 {[%emt 0:00:00]} 9. h3 {[%emt 0:00:01]} Bd6 {[%emt 0:00:01]} 10. O-O {[%emt 0:00:02]} Qc7 {[%emt 0:00:00]} 11. Ng5 {[%emt 0:00:01]} O-O-O {[%emt 0:00:02]} 12. Nxe6 {[%emt 0:00:01]} fxe6 {[%emt 0:00:01]} 13. f4 {[%emt 0:00:01]} h5 {[%emt 0:00:01]} 14. Bxh5 {[%emt 0:00:02]} Nf6 {[%emt 0:00:01]} 15. Bg4 {[%emt 0:00:02]} g5 {[%emt 0:00:01]} 16. Bxe6+ {[%emt 0:00:01]} Kb8 {[%emt 0:00:01]} 17. fxg5 {[%emt 0:00:01]} Ng4 {[%emt 0:00:01]} 18. Qxg4 {[%emt 0:00:02]} Rh7 {[%emt 0:00:03]} 19. g6 {[%emt 0:00:01]} Rhh8 {[%emt 0:00:03]} 20. g7 {[%emt 0:00:01]} Rhe8 {[%emt 0:00:02]} 21. Nxd5 {[%emt 0:00:05]} Bh2+ {[%emt 0:00:08]} 22. Kh1 {[%emt 0:00:01]} Qd6 {[%emt 0:00:01]} 23. g8=Q {[%emt 0:00:05]} Rxg8 {[%emt 0:00:07]} 24. Bxg8 {[%emt 0:00:00]} Ne7 {[%emt 0:00:01]} 25. Nxe7 {[%emt 0:00:01]} Qxe7 {[%emt 0:00:01]} 26. Kxh2 {[%emt 0:00:01]} Qd6+ {[%emt 0:00:01]} 27. Bf4 {[%emt 0:00:01] Trotsky Ñäàåòñÿ (Lag: Av=0.37s, max=0.5s)} 1-0

[Event "Stay Safe Play From Home 268"]
[Site "Emanuel Lasker Arena"]
[Date "2020.07.01"]
[Round "4"]
[White "Fischer_11"]
[Black "The Next Contender"]
[Result "1-0"]
[WhiteElo "2037"]
[BlackElo "1981"]
[Annotator "NA"]
[PlyCount "117"]
[EventDate "2020.07.01"]
[EventType "swiss (blitz)"]

1. e4 {[%emt 0:00:02]} d5 {[%emt 0:00:00]} 2. a3 {[%emt 0:00:01]} dxe4 {[%emt 0:00:01]} 3. Nc3 {[%emt 0:00:00]} Bf5 {[%emt 0:00:00]} 4. Qe2 {[%emt 0:00:01]} Nf6 {[%emt 0:00:01]} 5. Qb5+ {[%emt 0:00:01]} Bd7 {[%emt 0:00:13]} 6. Qxb7 {[%emt 0:00:01]} Nc6 {[%emt 0:00:00]} 7. Nb5 {[%emt 0:00:01]} Rc8 {[%emt 0:00:03]} 8. Nxa7 {[%emt 0:00:01]} Rb8 {[%emt 0:00:01]} 9. Nxc6 {[%emt 0:00:03]} Bxc6 {[%emt 0:00:02]} 10. Qxc6+ {[%emt 0:00:00]} Qd7 {[%emt 0:00:00]} 11. Qxd7+ {[%emt 0:00:01]} Kxd7 {[%emt 0:00:00]} 12. d3 {[%emt 0:00:01]} exd3 {[%emt 0:00:01]} 13. Bxd3 {[%emt 0:00:00]} e6 {[%emt 0:00:01]} 14. Nf3 {[%emt 0:00:01]} Bc5 {[%emt 0:00:00]} 15. Ne5+ {[%emt 0:00:01]} Ke7 {[%emt 0:00:01]} 16. O-O {[%emt 0:00:00]} Rb6 {[%emt 0:00:01]} 17. b4 {[%emt 0:00:02]} Bd4 {[%emt 0:00:01]} 18. Be3 {[%emt 0:00:03]} Bxe5 {[%emt 0:00:07]} 19. Bxb6 {[%emt 0:00:01]} Bxa1 {[%emt 0:00:01]} 20. Bxc7 {[%emt 0:00:00]} Bb2 {[%emt 0:00:01]} 21. a4 {[%emt 0:00:04]} Ba3 {[%emt 0:00:01]} 22. b5 {[%emt 0:00:01]} Ra8 {[%emt 0:00:01]} 23. b6 {[%emt 0:00:01]} Nd7 {[%emt 0:00:04]} 24. Ra1 {[%emt 0:00:03]} Bc5 {[%emt 0:00:02]} 25. b7 {[%emt 0:00:05]} Re8 {[%emt 0:00:03]} 26. a5 {[%emt 0:00:01]} Bd6 {[%emt 0:00:01]} 27. Bxd6+ {[%emt 0:00:03]} Kxd6 {[%emt 0:00:01]} 28. a6 {[%emt 0:00:00]} Nb6 {[%emt 0:00:02]} 29. a7 {[%emt 0:00:01]} Kc7 {[%emt 0:00:00]} 30. b8=Q+ {[%emt 0:00:02]} Rxb8 {[%emt 0:00:01]} 31. axb8=Q+ {[%emt 0:00:00]} Kxb8 {[%emt 0:00:00]} 32. Rb1 {[%emt 0:00:01]} Kc7 {[%emt 0:00:00]} 33. Bxh7 {[%emt 0:00:00]} Nd5 {[%emt 0:00:00]} 34. Bg8 {[%emt 0:00:01]} g6 {[%emt 0:00:00]} 35. Bxf7 {[%emt 0:00:00]} Nf4 {[%emt 0:00:01]} 36. Bxe6 {[%emt 0:00:00]} Ne2+ {[%emt 0:00:00]} 37. Kf1 {[%emt 0:00:01]} Nc3 {[%emt 0:00:00]} 38. Bg4 {[%emt 0:00:00]} Nxb1 {[%emt 0:00:00]} 39. Bf3 {[%emt 0:00:00]} Nd2+ {[%emt 0:00:00]} 40. Kg1 {[%emt 0:00:01]} Nc4 {[%emt 0:00:00]} 41. g3 {[%emt 0:00:00]} Ne5 {[%emt 0:00:00]} 42. Kg2 {[%emt 0:00:00]} g5 {[%emt 0:00:00]} 43. h3 {[%emt 0:00:00]} g4 {[%emt 0:00:01]} 44. Bxg4 {[%emt 0:00:01]} Nc4 {[%emt 0:00:01]} 45. h4 {[%emt 0:00:00]} Nd2 {[%emt 0:00:00]} 46. h5 {[%emt 0:00:00]} Ne4 {[%emt 0:00:00]} 47. h6 {[%emt 0:00:00]} Nf6 {[%emt 0:00:00]} 48. h7 {[%emt 0:00:01]} Nxh7 {[%emt 0:00:01]} 49. Bh3 {[%emt 0:00:00]} Ng5 {[%emt 0:00:00]} 50. f3 {[%emt 0:00:00]} Ne6 {[%emt 0:00:00]} 51. f4 {[%emt 0:00:00]} Nd4 {[%emt 0:00:00]} 52. g4 {[%emt 0:00:01]} Nxc2 {[%emt 0:00:00]} 53. Kg3 {[%emt 0:00:00]} Ne3 {[%emt 0:00:00]} 54. g5 {[%emt 0:00:00]} Nd5 {[%emt 0:00:00]} 55. Kg4 {[%emt 0:00:00]} Kd7 {[%emt 0:00:00]} 56. f5 {[%emt 0:00:00]} Ke7 {[%emt 0:00:00]} 57. g6 {[%emt 0:00:00]} Kf6 {[%emt 0:00:01]} 58. Kh5 {[%emt 0:00:01]} Ne7 {[%emt 0:00:01]} 59. g7 {[%emt 0:00:00] Time (Lag: Av=0.53s, max=1.1s)} 1-0